Нормален изглед
MARC изглед
- Западни Родопи
Вход 05. Топологично име
001 - Контролен номер на записа
- Контролно поле: 431363
003 - Код на организацията, даваща контролен номер
- Контролно поле: BLK
005 - Дата и час на последна промяна на записа
- Контролно поле: 20200825113240.0
008 - Данни с фиксирана дължина – обща информация
- Данни с фиксирана дължина : 200825|| aca||aabn | a|a d
151 ## - ГЕОГРАФСКА ПРЕДМЕТНА РУБРИКА
- Топоним: Западни Родопи
942 ## - Системна служебна употреба
- Koha auth type: GEOGR_NAME